Agricultural labor in India: Report on the 2nd agricultural labor enquiry 1956-1957. V 5. Madras. (Record no. 19283)

MARC details
000 -LEADER
fixed length control field 00377nam a2200109Ia 4500
082 ## - DEWEY DECIMAL CLASSIFICATION NUMBER
Classification number 331:631(548.1)
Item number IND.5
245 #0 - TITLE STATEMENT
Title Agricultural labor in India: Report on the 2nd agricultural labor enquiry 1956-1957. V 5. Madras.
260 ## - PUBLICATION, DISTRIBUTION, ETC. (IMPRINT)
Place of publication India
Name of publisher Ministry of labor and employment
Year of publication 1962
650 ## - SUBJECT ADDED ENTRY--TOPICAL TERM
Topical Term Agricultural labour
942 ## - ADDED ENTRY ELEMENTS (KOHA)
Koha item type Books
Holdings
Withdrawn status Lost status Damaged status Not for loan Collection code Home library Current library Date acquired Full call number Accession Number Koha item type
        Official use RRII Library RRII Library 16/12/2021 331:631(548.1) IND.5 00021 Books